NRL Dally M's Quiz - Statistics

General Stats
  • This quiz has been taken 55 times
  • The average score is 23 of 46
Answer Stats
Year Winner % Correct
2006 Cameron Smith
93%
2017 Cameron Smith
93%
2005 Johnathan Thurston
88%
2007 Johnathan Thurston
88%
2014 Johnathan Thurston
88%
2015 Johnathan Thurston
88%
2013 Cooper Cronk
86%
2016 Cooper Cronk
86%
2024 Jahrome Hughes
83%
2019 James Tedesco
79%
2023 Kalyn Ponga
79%
2011 Billy Slater
76%
1998 Andrew Johns
74%
1999 Andrew Johns
74%
2002 Andrew Johns
74%
2022 Nicholas Hynes
71%
2016 Jason Taumalolo
69%
2020 Jack Wighton
64%
2009 Jarryd Hayne
62%
2014 Jarryd Hayne
62%
2018 Roger Tuivasa-Sheck
57%
2021 Tom Trbojevic
57%
1986 Peter Sterling
52%
1987 Peter Sterling
52%
2012 Ben Barba
43%
1993 Ricky Stuart
40%
1990 Cliff Lyons
36%
1994 Cliff Lyons
36%
1996 Allan Langer
33%
2010 Todd Carney
33%
1982 Ray Price
31%
1995 Laurie Daley
26%
2008 Matt Orford
26%
2004 Danny Buderus
24%
1985 Greg Alexander
24%
2001 Preston Campbell
21%
2000 Trent Barrett
17%
1992 Gary Freeman
14%
1984 Michael Potter
14%
1991 Michael Potter
14%
1988 Gavin Miller
12%
1989 Gavin Miller
12%
1979 Steve Morris
12%
1983 Terry Lamb
12%
1980 Robert Laurie
7%
1981 Steve Rogers
5%
No matching quizzes found
Score Distribution
Percent of People with Each Score
Percentile by Number Answered
Your Score History
You have not taken this quiz